Muumilaakson hahmoja - Statistics

Yleistilastot
  • Tätä visaa on pelattu 406 kertaa
  • Keskiarvotulos 17 / 27
Vastaustilastot
Vastaus % Oikein
Muumimamma
99%
Muumipappa
99%
Muumipeikko
99%
Niisku
97%
Pikku Myy
96%
Niiskuneiti
94%
Nipsu
91%
Nuuskamuikkunen
90%
Hemuli
89%
Haisuli
85%
Mörkö
85%
Mymmeli
76%
Vilijonkka
72%
Tiuhti
70%
Viuhti
69%
Hattivatti
62%
Tuu-tikki
62%
Taikuri
58%
Poliisimestari
52%
Hosuli
44%
Ninni
42%
Sosuli
28%
Surku
21%
Esi-isä
19%
Fredrikson
16%
Juksu
13%
Drontti Edvard
7%
Ehtoja vastaavia visoja ei löytynyt
Tulosjakauma
Jokaisen tuloksen saaneiden osuus
Persentiili vastausten määrän mukaan
Tuloshistoriasi
Et ole pelannut tätä visaa